| 000 | 00779nam a2200265Ia 4500 | ||
|---|---|---|---|
| 003 | OSt | ||
| 005 | 20220918171052.0 | ||
| 006 | a|||||r|||| 00| 0 | ||
| 007 | ta | ||
| 008 | 220917b |||||||| |||| 00| 0 eng d | ||
| 020 |
_a9781138599420 (pbk) _cUKP 19.99 |
||
| 024 | _a353,606 | ||
| 037 |
_b1813, 18/02/2020, Bright Book Service _cTextual |
||
| 040 |
_aARTS _cARTS _beng |
||
| 041 |
_2eng _aeng |
||
| 082 | _aNW73wN41, Q9 | ||
| 100 |
_aShevtsova Maria Au. _933809 |
||
| 245 | 0 | _aRobert Wilson | |
| 250 | _a2nd | ||
| 260 |
_aLondon _bRoutledge UK _c2019 |
||
| 300 |
_axiv,198p. _ccm. |
||
| 650 |
_aMOTION PICTURES _927571 |
||
| 942 |
_hNW73wN41, Q9 _cTEXL _2CC |
||
| 999 |
_c137691 _d137691 |
||